Score 0/15 Timer 01:30
13 Plays Today
% Correct
SuperSonics
93.4%
Nets
89%
Grizzlies
80.5%
Braves
69.6%
Lakers
66.4%
Warriors
60.1%
Bullets
57.2%
Royals
55.6%
% Correct
Hawks
47.3%
Nationals
46.4%
Stags
44.5%
Steamrollers
43%
Kings
41.2%
Pistons
37.7%
Rockets
30.7%

Today's Daily Dose

You're not logged in!

Compare scores with friends on all Sporcle quizzes.
OR
Log In

Sporcle TV

Today on Sporcle TV


Watch our educational content, quiz creation guides, and fun videos on Sporcle TV.

Show Comments

Extras

Top Quizzes Today


Score Distribution

Your Account Isn't Verified!

In order to create a playlist on Sporcle, you need to verify the email address you used during registration. Go to your Sporcle Settings to finish the process.

Report this User

Report this user for behavior that violates our Community Guidelines.

Details: